CBU Courier. March 2001 (Record no. 79219)

MARC details
000 -LEADER
fixed length control field 00678nam a2200145 a 4500
008 - FIXED-LENGTH DATA ELEMENTS--GENERAL INFORMATION
fixed length control field 220621s2001 ||||||||||||||||| || u
050 ## - LIBRARY OF CONGRESS CALL NUMBER
Classification number CBU(05)C/2001
110 ## - MAIN ENTRY--CORPORATE NAME
Corporate name or jurisdiction name as entry element Copperbelt University
245 10 - TITLE STATEMENT
Title CBU Courier. March 2001
Statement of responsibility, etc. By Copperbelt University(CBU)
260 ## - PUBLICATION, DISTRIBUTION, ETC.
Place of publication, distribution, etc. Kitwe
Name of publisher, distributor, etc. Copperbelt University
Date of publication, distribution, etc. 2001
300 ## - PHYSICAL DESCRIPTION
Extent 13 pages : illustrations
650 ## - SUBJECT ADDED ENTRY--TOPICAL TERM
Topical term or geographic name entry element COPPERBELT UNIVERSITY--PERIODICALS
995 ## -
-- SPECIAL COLLECTIONS
-- 4798
-- CBU-MAIN LIBRARY (Kitwe)
-- CBU(05)C/2001/1A
-- 1
-- AVAILABLE
-- Jun 21, 2022
-- B4798
-- University Collection
995 ## -
-- SPECIAL COLLECTIONS
-- 4799
-- CBU-MAIN LIBRARY (Kitwe)
-- CBU(05)C/2001/1B
-- 2
-- AVAILABLE
-- Jun 21, 2022
-- B4799
-- University Collection
999 ## -
-- 79219
-- 79219

No items available.